| 000 | 00525nam a22001817a 4500 | ||
|---|---|---|---|
| 005 | 20230912102424.0 | ||
| 010 | _aENG-137832 | ||
| 020 | _c9788177421033 | ||
| 035 | _aEN-121364 | ||
| 037 | _bDBAD/PUB | ||
| 082 | _a704.94894309581 | ||
| 100 |
_aSharma, Nirmala _956260 |
||
| 245 |
_aBamiyan, Hariti and Kindred iconics / _bBy Nirmala Sharma |
||
| 260 |
_bAditya prakashan _c2011 |
||
| 270 |
_bNew Delhi - 110002 _a2/18, Ansari Road |
||
| 300 |
_a286. _c28CM(pbk) |
||
| 942 |
_2ddc _cEN _h910.95477 _kSHA |
||
| 999 |
_c197225 _d197225 |
||